You Sly Dog, You Got Me Monologuing! Quiz Stats

 Plays Quiz Updated Apr 12, 2017

Support Sporcle.
Go Orange.
Score 0/20 Timer 08:00
0 Plays Today
% Correct
Goldfinger (Goldfinger)
92.8%
The Wicked Witch (The Wizard of Oz)
91%
Emperor Palpatine (Return of the Jedi)
90.4%
Judge Doom (Roger Rabbit)
87.6%
Zod (Superman)
81.1%
Mola Ram (Temple of Doom)
81%
Dick Jones (Robocop)
80%
Scar (The Lion King)
77%
Count Rugen (The Princess Bride)
76.5%
Agent Smith (The Matrix)
76.4%
% Correct
The Joker (The Dark Knight)
75.7%
Col. Jessup (A Few Good Men)
75.5%
Captain Ahab (Moby Dick)
71.5%
Syndrome (The Incredibles)
69.9%
Frank Nitti (The Untouchables)
65.2%
Dark Helmet (Spaceballs)
63.7%
Debbie Jellinsky (Addams Family Values)
58.2%
Peter van Horscht (Lethal Weapon 2)
57.4%
Loki (The Avengers)
50.3%
Marco (Die Hard)
50.3%

You're not logged in!

Compare scores with friends on all Sporcle quizzes.
OR
Log In

From the Vault

Countries Ending in 'E'

by Markovic

If Sporcle were a country, we would be on this quiz...but we are not yet recognized by the U.N.
Remove Ads.
Support Sporcle.
Get the best of Sporcle when you Go Orange. This ad-free experience offers more features, more stats, and more fun while also helping to support Sporcle. Thank you for becoming a member.

Show Comments

Extras

Top Quizzes Today


Score Distribution

Your Account Isn't Verified!

In order to create a playlist on Sporcle, you need to verify the email address you used during registration. Go to your Sporcle Settings to finish the process.

Report this User

Report this user for behavior that violates our Community Guidelines.

Details: